<?xml version="1.0" encoding="UTF-8"?>
<record
    xmlns:xsi="http://www.w3.org/2001/XMLSchema-instance"
    xsi:schemaLocation="http://www.loc.gov/MARC21/slim http://www.loc.gov/standards/marcxml/schema/MARC21slim.xsd"
    xmlns="http://www.loc.gov/MARC21/slim">

  <leader>01736nas a2200289 i 4500</leader>
  <controlfield tag="001">253819</controlfield>
  <controlfield tag="005">20260203112418.0</controlfield>
  <controlfield tag="007">ta</controlfield>
  <controlfield tag="008">260203e1980    dr qn p|co   ||   |0spa d|   | </controlfield>
  <datafield tag="011" ind1=" " ind2=" ">
    <subfield code="a">          </subfield>
  </datafield>
  <datafield tag="040" ind1=" " ind2=" ">
    <subfield code="a">DO-SdBNP</subfield>
    <subfield code="b">spa</subfield>
    <subfield code="c">BNPHU</subfield>
    <subfield code="e">rda</subfield>
  </datafield>
  <datafield tag="041" ind1=" " ind2=" ">
    <subfield code="h">spa</subfield>
  </datafield>
  <datafield tag="110" ind1=" " ind2=" ">
    <subfield code="a">Universidad Aut&#xF3;noma de Santo Domingo (UASD)</subfield>
    <subfield code="9">84760</subfield>
    <subfield code="b">Departamento de Difusi&#xF3;n Artistica y Cultura</subfield>
  </datafield>
  <datafield tag="245" ind1=" " ind2=" ">
    <subfield code="a">Extensi&#xF3;n : </subfield>
    <subfield code="b">revista trimestral del Departamento de Difusi&#xF3;n Artistica y Cultura de la Universidad Aut&#xF3;noma de Santo Domingo.</subfield>
  </datafield>
  <datafield tag="264" ind1=" " ind2=" ">
    <subfield code="a">Santo Domingo, Rep&#xFA;blica Dominicana :</subfield>
    <subfield code="b">Departamento de Difusi&#xF3;n Art&#xED;stica y Cultural (UASD), </subfield>
    <subfield code="c">1980.</subfield>
  </datafield>
  <datafield tag="300" ind1=" " ind2=" ">
    <subfield code="a">volumen : </subfield>
    <subfield code="b">ilustraciones, fotograf&#xED;as ; </subfield>
    <subfield code="c">27 cm.</subfield>
  </datafield>
  <datafield tag="310" ind1=" " ind2=" ">
    <subfield code="a">Trimestral.</subfield>
  </datafield>
  <datafield tag="336" ind1=" " ind2=" ">
    <subfield code="a">texto</subfield>
    <subfield code="b">txt </subfield>
    <subfield code="2">rdacontent</subfield>
  </datafield>
  <datafield tag="337" ind1=" " ind2=" ">
    <subfield code="a">sin mediaci&#xF3;n </subfield>
    <subfield code="b">n </subfield>
    <subfield code="2">rdamedia</subfield>
  </datafield>
  <datafield tag="338" ind1=" " ind2=" ">
    <subfield code="a">volumen</subfield>
    <subfield code="b">nc </subfield>
    <subfield code="2">rdacarrier</subfield>
  </datafield>
  <datafield tag="362" ind1=" " ind2=" ">
    <subfield code="a">A&#xF1;o 1. No. 1. diciembre 1980.</subfield>
  </datafield>
  <datafield tag="500" ind1=" " ind2=" ">
    <subfield code="a">Catalogaci&#xF3;n basada en el n&#xFA;mero: A&#xF1;o 1. No. 1. diciembre 1980.</subfield>
  </datafield>
  <datafield tag="520" ind1=" " ind2=" ">
    <subfield code="a">"La extensi&#xF3;n es una de las tres vertientes universitarias. Junto a la Docencia y la Investigaci&#xF3;n forma el tr&#xED;o de funciones b&#xE1;sicas de las universidades modernas". Este principio nos lleva a la convicci&#xF3;n de que una universidad enclavada en un pa&#xED;s del Tercer Mundo superexplotado y con un analfabetismo que abarca importantes sectores del pa&#xED;s, tiene que darle real importancia a la extensi&#xF3;n. De ah&#xED; nuestro nombre "Extension", que pretendemos no sea s&#xF3;lo un nombre.</subfield>
  </datafield>
  <datafield tag="650" ind1=" " ind2=" ">
    <subfield code="9">2834</subfield>
    <subfield code="a">Literatura</subfield>
    <subfield code="v">Publicaciones peri&#xF3;dicas</subfield>
    <subfield code="z">Rep&#xFA;blica Dominicana</subfield>
  </datafield>
  <datafield tag="650" ind1=" " ind2=" ">
    <subfield code="9">49229</subfield>
    <subfield code="a">Departamento de Difusi&#xF3;n Art&#xED;stica y Cultural</subfield>
    <subfield code="x">UASD)</subfield>
    <subfield code="v">Publicaciones peri&#xF3;dicas </subfield>
    <subfield code="z">Rep&#xFA;blica Dominicana</subfield>
  </datafield>
  <datafield tag="942" ind1=" " ind2=" ">
    <subfield code="2">ddc</subfield>
    <subfield code="c">ISSUE</subfield>
  </datafield>
  <datafield tag="952" ind1=" " ind2=" ">
    <subfield code="0">0</subfield>
    <subfield code="1">0</subfield>
    <subfield code="2">ddc</subfield>
    <subfield code="4">0</subfield>
    <subfield code="5">6</subfield>
    <subfield code="7">0</subfield>
    <subfield code="8">SE</subfield>
    <subfield code="a">BNPHU</subfield>
    <subfield code="b">BNPHU</subfield>
    <subfield code="d">2026-02-03</subfield>
    <subfield code="h">A&#xF1;o 1. No 1. diciembre 1980</subfield>
    <subfield code="l">0</subfield>
    <subfield code="p">2026-0595</subfield>
    <subfield code="r">2026-02-03</subfield>
    <subfield code="t">e.1</subfield>
    <subfield code="w">2026-02-03</subfield>
    <subfield code="y">ISSUE</subfield>
  </datafield>
  <datafield tag="952" ind1=" " ind2=" ">
    <subfield code="0">0</subfield>
    <subfield code="1">0</subfield>
    <subfield code="2">ddc</subfield>
    <subfield code="4">0</subfield>
    <subfield code="5">6</subfield>
    <subfield code="7">0</subfield>
    <subfield code="8">SE</subfield>
    <subfield code="a">BNPHU</subfield>
    <subfield code="b">BNPHU</subfield>
    <subfield code="d">2026-02-03</subfield>
    <subfield code="h">A&#xF1;o 1. No 1. diciembre 1980</subfield>
    <subfield code="l">0</subfield>
    <subfield code="p">2026-0609</subfield>
    <subfield code="r">2026-02-03</subfield>
    <subfield code="t">e.2</subfield>
    <subfield code="w">2026-02-03</subfield>
    <subfield code="y">ISSUE</subfield>
  </datafield>
  <datafield tag="952" ind1=" " ind2=" ">
    <subfield code="0">0</subfield>
    <subfield code="1">0</subfield>
    <subfield code="2">ddc</subfield>
    <subfield code="4">0</subfield>
    <subfield code="5">6</subfield>
    <subfield code="7">0</subfield>
    <subfield code="8">SE</subfield>
    <subfield code="a">BNPHU</subfield>
    <subfield code="b">BNPHU</subfield>
    <subfield code="d">2026-02-03</subfield>
    <subfield code="h">A&#xF1;o 1. No 1. diciembre 1980</subfield>
    <subfield code="l">0</subfield>
    <subfield code="p">2026-0610</subfield>
    <subfield code="r">2026-02-03</subfield>
    <subfield code="t">e.3</subfield>
    <subfield code="w">2026-02-03</subfield>
    <subfield code="y">ISSUE</subfield>
  </datafield>
  <datafield tag="952" ind1=" " ind2=" ">
    <subfield code="0">0</subfield>
    <subfield code="1">0</subfield>
    <subfield code="2">ddc</subfield>
    <subfield code="4">0</subfield>
    <subfield code="5">6</subfield>
    <subfield code="7">0</subfield>
    <subfield code="8">SE</subfield>
    <subfield code="a">BNPHU</subfield>
    <subfield code="b">BNPHU</subfield>
    <subfield code="d">2026-02-03</subfield>
    <subfield code="h">A&#xF1;o 1. No 1. diciembre 1980</subfield>
    <subfield code="l">0</subfield>
    <subfield code="p">2026-0611</subfield>
    <subfield code="r">2026-02-03</subfield>
    <subfield code="t">e.4</subfield>
    <subfield code="w">2026-02-03</subfield>
    <subfield code="y">ISSUE</subfield>
  </datafield>
  <datafield tag="952" ind1=" " ind2=" ">
    <subfield code="0">0</subfield>
    <subfield code="1">0</subfield>
    <subfield code="2">ddc</subfield>
    <subfield code="4">0</subfield>
    <subfield code="5">6</subfield>
    <subfield code="7">0</subfield>
    <subfield code="8">SE</subfield>
    <subfield code="a">BNPHU</subfield>
    <subfield code="b">BNPHU</subfield>
    <subfield code="d">2026-02-03</subfield>
    <subfield code="h">A&#xF1;o 1. No 1. diciembre 1980</subfield>
    <subfield code="l">0</subfield>
    <subfield code="p">2026-0612</subfield>
    <subfield code="r">2026-02-03</subfield>
    <subfield code="t">e.5</subfield>
    <subfield code="w">2026-02-03</subfield>
    <subfield code="y">ISSUE</subfield>
  </datafield>
  <datafield tag="952" ind1=" " ind2=" ">
    <subfield code="0">0</subfield>
    <subfield code="1">0</subfield>
    <subfield code="2">ddc</subfield>
    <subfield code="4">0</subfield>
    <subfield code="5">6</subfield>
    <subfield code="7">0</subfield>
    <subfield code="8">SE</subfield>
    <subfield code="a">BNPHU</subfield>
    <subfield code="b">BNPHU</subfield>
    <subfield code="d">2026-02-03</subfield>
    <subfield code="h">A&#xF1;o 1. No 2. abril 1981</subfield>
    <subfield code="l">0</subfield>
    <subfield code="p">2026-0613</subfield>
    <subfield code="r">2026-02-03</subfield>
    <subfield code="t">e.1</subfield>
    <subfield code="w">2026-02-03</subfield>
    <subfield code="y">ISSUE</subfield>
  </datafield>
  <datafield tag="952" ind1=" " ind2=" ">
    <subfield code="0">0</subfield>
    <subfield code="1">0</subfield>
    <subfield code="2">ddc</subfield>
    <subfield code="4">0</subfield>
    <subfield code="5">6</subfield>
    <subfield code="7">0</subfield>
    <subfield code="8">SE</subfield>
    <subfield code="a">BNPHU</subfield>
    <subfield code="b">BNPHU</subfield>
    <subfield code="d">2026-02-03</subfield>
    <subfield code="h">A&#xF1;o 1. No 2. abril 1981</subfield>
    <subfield code="l">0</subfield>
    <subfield code="p">2026-0614</subfield>
    <subfield code="r">2026-02-03</subfield>
    <subfield code="t">e.2</subfield>
    <subfield code="w">2026-02-03</subfield>
    <subfield code="y">ISSUE</subfield>
  </datafield>
  <datafield tag="952" ind1=" " ind2=" ">
    <subfield code="0">0</subfield>
    <subfield code="1">0</subfield>
    <subfield code="2">ddc</subfield>
    <subfield code="4">0</subfield>
    <subfield code="5">6</subfield>
    <subfield code="7">0</subfield>
    <subfield code="8">SE</subfield>
    <subfield code="a">BNPHU</subfield>
    <subfield code="b">BNPHU</subfield>
    <subfield code="d">2026-02-03</subfield>
    <subfield code="h">A&#xF1;o 1. No 2. abril 1981</subfield>
    <subfield code="l">0</subfield>
    <subfield code="p">2026-0615</subfield>
    <subfield code="r">2026-02-03</subfield>
    <subfield code="t">e.3</subfield>
    <subfield code="w">2026-02-03</subfield>
    <subfield code="y">ISSUE</subfield>
  </datafield>
  <datafield tag="952" ind1=" " ind2=" ">
    <subfield code="0">0</subfield>
    <subfield code="1">0</subfield>
    <subfield code="2">ddc</subfield>
    <subfield code="4">0</subfield>
    <subfield code="5">6</subfield>
    <subfield code="7">0</subfield>
    <subfield code="8">SE</subfield>
    <subfield code="a">BNPHU</subfield>
    <subfield code="b">BNPHU</subfield>
    <subfield code="d">2026-02-03</subfield>
    <subfield code="h">A&#xF1;o 1. No 3. agosto 1981</subfield>
    <subfield code="l">0</subfield>
    <subfield code="p">2026-0616</subfield>
    <subfield code="r">2026-02-03</subfield>
    <subfield code="t">e.1</subfield>
    <subfield code="w">2026-02-03</subfield>
    <subfield code="y">ISSUE</subfield>
  </datafield>
  <datafield tag="952" ind1=" " ind2=" ">
    <subfield code="0">0</subfield>
    <subfield code="1">0</subfield>
    <subfield code="2">ddc</subfield>
    <subfield code="4">0</subfield>
    <subfield code="5">6</subfield>
    <subfield code="7">0</subfield>
    <subfield code="8">SE</subfield>
    <subfield code="a">BNPHU</subfield>
    <subfield code="b">BNPHU</subfield>
    <subfield code="d">2026-02-03</subfield>
    <subfield code="h">A&#xF1;o 1. No 3. agosto 1981</subfield>
    <subfield code="l">0</subfield>
    <subfield code="p">2026-0617</subfield>
    <subfield code="r">2026-02-03</subfield>
    <subfield code="t">e.2</subfield>
    <subfield code="w">2026-02-03</subfield>
    <subfield code="y">ISSUE</subfield>
  </datafield>
  <datafield tag="952" ind1=" " ind2=" ">
    <subfield code="0">0</subfield>
    <subfield code="1">0</subfield>
    <subfield code="2">ddc</subfield>
    <subfield code="4">0</subfield>
    <subfield code="5">6</subfield>
    <subfield code="7">0</subfield>
    <subfield code="8">SE</subfield>
    <subfield code="a">BNPHU</subfield>
    <subfield code="b">BNPHU</subfield>
    <subfield code="d">2026-02-03</subfield>
    <subfield code="h">A&#xF1;o 1. No 4. febrero 1982</subfield>
    <subfield code="l">0</subfield>
    <subfield code="p">2026-0618</subfield>
    <subfield code="r">2026-02-03</subfield>
    <subfield code="t">e.1</subfield>
    <subfield code="w">2026-02-03</subfield>
    <subfield code="y">ISSUE</subfield>
  </datafield>
  <datafield tag="952" ind1=" " ind2=" ">
    <subfield code="0">0</subfield>
    <subfield code="1">0</subfield>
    <subfield code="2">ddc</subfield>
    <subfield code="4">0</subfield>
    <subfield code="5">6</subfield>
    <subfield code="7">0</subfield>
    <subfield code="8">SE</subfield>
    <subfield code="a">BNPHU</subfield>
    <subfield code="b">BNPHU</subfield>
    <subfield code="d">2026-02-03</subfield>
    <subfield code="h">A&#xF1;o 1. No 4. febrero 1982</subfield>
    <subfield code="l">0</subfield>
    <subfield code="p">2026-0619</subfield>
    <subfield code="r">2026-02-03</subfield>
    <subfield code="t">e.2</subfield>
    <subfield code="w">2026-02-03</subfield>
    <subfield code="y">ISSUE</subfield>
  </datafield>
  <datafield tag="952" ind1=" " ind2=" ">
    <subfield code="0">0</subfield>
    <subfield code="1">0</subfield>
    <subfield code="2">ddc</subfield>
    <subfield code="4">0</subfield>
    <subfield code="5">6</subfield>
    <subfield code="7">0</subfield>
    <subfield code="8">SE</subfield>
    <subfield code="a">BNPHU</subfield>
    <subfield code="b">BNPHU</subfield>
    <subfield code="d">2026-02-03</subfield>
    <subfield code="h">A&#xF1;o 1. No 4. febrero 1982</subfield>
    <subfield code="l">0</subfield>
    <subfield code="p">2026-0620</subfield>
    <subfield code="r">2026-02-03</subfield>
    <subfield code="t">e.3</subfield>
    <subfield code="w">2026-02-03</subfield>
    <subfield code="y">ISSUE</subfield>
  </datafield>
  <datafield tag="952" ind1=" " ind2=" ">
    <subfield code="0">0</subfield>
    <subfield code="1">0</subfield>
    <subfield code="2">ddc</subfield>
    <subfield code="4">0</subfield>
    <subfield code="5">6</subfield>
    <subfield code="7">0</subfield>
    <subfield code="8">SE</subfield>
    <subfield code="a">BNPHU</subfield>
    <subfield code="b">BNPHU</subfield>
    <subfield code="d">2026-02-03</subfield>
    <subfield code="h">A&#xF1;o 1. No 5. agosto 1982</subfield>
    <subfield code="l">0</subfield>
    <subfield code="p">2026-0621</subfield>
    <subfield code="r">2026-02-03</subfield>
    <subfield code="t">e.1</subfield>
    <subfield code="w">2026-02-03</subfield>
    <subfield code="y">ISSUE</subfield>
  </datafield>
  <datafield tag="952" ind1=" " ind2=" ">
    <subfield code="0">0</subfield>
    <subfield code="1">0</subfield>
    <subfield code="2">ddc</subfield>
    <subfield code="4">0</subfield>
    <subfield code="5">6</subfield>
    <subfield code="7">0</subfield>
    <subfield code="8">SE</subfield>
    <subfield code="a">BNPHU</subfield>
    <subfield code="b">BNPHU</subfield>
    <subfield code="d">2026-02-03</subfield>
    <subfield code="h">A&#xF1;o 1. No 5. agosto 1982</subfield>
    <subfield code="l">0</subfield>
    <subfield code="p">2026-0622</subfield>
    <subfield code="r">2026-02-03</subfield>
    <subfield code="t">e.2</subfield>
    <subfield code="w">2026-02-03</subfield>
    <subfield code="y">ISSUE</subfield>
  </datafield>
  <datafield tag="952" ind1=" " ind2=" ">
    <subfield code="0">0</subfield>
    <subfield code="1">0</subfield>
    <subfield code="2">ddc</subfield>
    <subfield code="4">0</subfield>
    <subfield code="5">6</subfield>
    <subfield code="7">0</subfield>
    <subfield code="8">SE</subfield>
    <subfield code="a">BNPHU</subfield>
    <subfield code="b">BNPHU</subfield>
    <subfield code="d">2026-02-03</subfield>
    <subfield code="h">A&#xF1;o 1. No 5. agosto 1982</subfield>
    <subfield code="l">0</subfield>
    <subfield code="p">2026-0623</subfield>
    <subfield code="r">2026-02-03</subfield>
    <subfield code="t">e.3</subfield>
    <subfield code="w">2026-02-03</subfield>
    <subfield code="y">ISSUE</subfield>
  </datafield>
  <datafield tag="952" ind1=" " ind2=" ">
    <subfield code="0">0</subfield>
    <subfield code="1">0</subfield>
    <subfield code="2">ddc</subfield>
    <subfield code="4">0</subfield>
    <subfield code="5">6</subfield>
    <subfield code="7">0</subfield>
    <subfield code="8">SE</subfield>
    <subfield code="a">BNPHU</subfield>
    <subfield code="b">BNPHU</subfield>
    <subfield code="d">2026-02-03</subfield>
    <subfield code="h">A&#xF1;o 2. No 6. agosto 1982</subfield>
    <subfield code="l">0</subfield>
    <subfield code="p">2026-0625</subfield>
    <subfield code="r">2026-02-03</subfield>
    <subfield code="t">e.1</subfield>
    <subfield code="w">2026-02-03</subfield>
    <subfield code="y">ISSUE</subfield>
  </datafield>
  <datafield tag="952" ind1=" " ind2=" ">
    <subfield code="0">0</subfield>
    <subfield code="1">0</subfield>
    <subfield code="2">ddc</subfield>
    <subfield code="4">0</subfield>
    <subfield code="5">6</subfield>
    <subfield code="7">0</subfield>
    <subfield code="8">SE</subfield>
    <subfield code="a">BNPHU</subfield>
    <subfield code="b">BNPHU</subfield>
    <subfield code="d">2026-02-03</subfield>
    <subfield code="h">A&#xF1;o 2. No 6. agosto 1982</subfield>
    <subfield code="l">0</subfield>
    <subfield code="p">2026-0626</subfield>
    <subfield code="r">2026-02-03</subfield>
    <subfield code="t">e.2</subfield>
    <subfield code="w">2026-02-03</subfield>
    <subfield code="y">ISSUE</subfield>
  </datafield>
  <datafield tag="952" ind1=" " ind2=" ">
    <subfield code="0">0</subfield>
    <subfield code="1">0</subfield>
    <subfield code="2">ddc</subfield>
    <subfield code="4">0</subfield>
    <subfield code="5">6</subfield>
    <subfield code="7">0</subfield>
    <subfield code="8">SE</subfield>
    <subfield code="a">BNPHU</subfield>
    <subfield code="b">BNPHU</subfield>
    <subfield code="d">2026-02-03</subfield>
    <subfield code="h">A&#xF1;o 2. No 7. febrero 1985</subfield>
    <subfield code="l">0</subfield>
    <subfield code="p">2026-0627</subfield>
    <subfield code="r">2026-02-03</subfield>
    <subfield code="t">e.1</subfield>
    <subfield code="w">2026-02-03</subfield>
    <subfield code="y">ISSUE</subfield>
  </datafield>
  <datafield tag="952" ind1=" " ind2=" ">
    <subfield code="0">0</subfield>
    <subfield code="1">0</subfield>
    <subfield code="2">ddc</subfield>
    <subfield code="4">0</subfield>
    <subfield code="5">6</subfield>
    <subfield code="7">0</subfield>
    <subfield code="8">SE</subfield>
    <subfield code="a">BNPHU</subfield>
    <subfield code="b">BNPHU</subfield>
    <subfield code="d">2026-02-03</subfield>
    <subfield code="h">A&#xF1;o 2. No 7. febrero 1985</subfield>
    <subfield code="l">0</subfield>
    <subfield code="p">2026-0628</subfield>
    <subfield code="r">2026-02-03</subfield>
    <subfield code="t">e.2</subfield>
    <subfield code="w">2026-02-03</subfield>
    <subfield code="y">ISSUE</subfield>
  </datafield>
  <datafield tag="952" ind1=" " ind2=" ">
    <subfield code="0">0</subfield>
    <subfield code="1">0</subfield>
    <subfield code="2">ddc</subfield>
    <subfield code="4">0</subfield>
    <subfield code="5">6</subfield>
    <subfield code="7">0</subfield>
    <subfield code="8">SE</subfield>
    <subfield code="a">BNPHU</subfield>
    <subfield code="b">BNPHU</subfield>
    <subfield code="d">2026-02-03</subfield>
    <subfield code="h">A&#xF1;o 2. No 7. febrero 1985</subfield>
    <subfield code="l">0</subfield>
    <subfield code="p">2026-0629</subfield>
    <subfield code="r">2026-02-03</subfield>
    <subfield code="t">e.3</subfield>
    <subfield code="w">2026-02-03</subfield>
    <subfield code="y">ISSUE</subfield>
  </datafield>
  <datafield tag="952" ind1=" " ind2=" ">
    <subfield code="0">0</subfield>
    <subfield code="1">0</subfield>
    <subfield code="2">ddc</subfield>
    <subfield code="4">0</subfield>
    <subfield code="5">6</subfield>
    <subfield code="7">0</subfield>
    <subfield code="8">SE</subfield>
    <subfield code="a">BNPHU</subfield>
    <subfield code="b">BNPHU</subfield>
    <subfield code="d">2026-02-03</subfield>
    <subfield code="h">A&#xF1;o 2. No 8. octubre 1987</subfield>
    <subfield code="l">0</subfield>
    <subfield code="p">2026-0630</subfield>
    <subfield code="r">2026-02-03</subfield>
    <subfield code="t">e.1</subfield>
    <subfield code="w">2026-02-03</subfield>
    <subfield code="y">ISSUE</subfield>
  </datafield>
  <datafield tag="952" ind1=" " ind2=" ">
    <subfield code="0">0</subfield>
    <subfield code="1">0</subfield>
    <subfield code="2">ddc</subfield>
    <subfield code="4">0</subfield>
    <subfield code="5">6</subfield>
    <subfield code="7">0</subfield>
    <subfield code="8">SE</subfield>
    <subfield code="a">BNPHU</subfield>
    <subfield code="b">BNPHU</subfield>
    <subfield code="d">2026-02-03</subfield>
    <subfield code="h">A&#xF1;o 2. No 8. octubre 1987</subfield>
    <subfield code="l">0</subfield>
    <subfield code="p">2026-0631</subfield>
    <subfield code="r">2026-02-03</subfield>
    <subfield code="t">e.2</subfield>
    <subfield code="w">2026-02-03</subfield>
    <subfield code="y">ISSUE</subfield>
  </datafield>
  <datafield tag="952" ind1=" " ind2=" ">
    <subfield code="0">0</subfield>
    <subfield code="1">0</subfield>
    <subfield code="2">ddc</subfield>
    <subfield code="4">0</subfield>
    <subfield code="5">6</subfield>
    <subfield code="7">0</subfield>
    <subfield code="8">SE</subfield>
    <subfield code="a">BNPHU</subfield>
    <subfield code="b">BNPHU</subfield>
    <subfield code="d">2026-02-03</subfield>
    <subfield code="h">A&#xF1;o 3. No 9 y 10. octubre 1989</subfield>
    <subfield code="l">0</subfield>
    <subfield code="p">2026-0632</subfield>
    <subfield code="r">2026-02-03</subfield>
    <subfield code="t">e.1</subfield>
    <subfield code="w">2026-02-03</subfield>
    <subfield code="y">ISSUE</subfield>
  </datafield>
  <datafield tag="999" ind1=" " ind2=" ">
    <subfield code="c">60188</subfield>
    <subfield code="d">60188</subfield>
  </datafield>
</record>
